Max Weber : κριτική και συγκριτική θεώρηση

Αποθηκεύτηκε σε:
Λεπτομέρειες βιβλιογραφικής εγγραφής
Κύριος συγγραφέας: Τερλεξής, Πανταζής
Μορφή: Βιβλίο
Γλώσσα:Greek
Δημοσίευση: Αθήνα : Παπαζήσης, 1999
Θέματα:
Ετικέτες: Προσθήκη ετικέτας
Δεν υπάρχουν, Καταχωρήστε ετικέτα πρώτοι!

MARC

LEADER 00000nam a2200000 i 4500
001 1/43683
008 031027s1999 gre d
020 |a 960-02-1335-6 (set) 
020 |a 960-02-1336-4 (τ.1) 
020 |a 960-02-1337-2 (τ.2) 
020 |a 960-02-1338-0 (τ.3) 
035 |l 10071407 
040 |a GR-MY-UA  |b gre  |e aacr 
041 0 |a gre 
082 0 |a 301.092  |2 (21) 
100 1 |a Τερλεξής, Πανταζής. 
245 1 0 |a Max Weber :  |b κριτική και συγκριτική θεώρηση /  |c Πανταζής Τερλεξής 
260 |a Αθήνα :   |b Παπαζήσης,   |c 1999 
300 |a 3 τ.;  |c 21 εκ. 
504 |a Περιέχει βιβλιογραφία και ευρετήριο 
505 0 |a τ.1. Το ξεμάγεμα του κόσμου. - τ.2. Ο Καπιταλισμός στα όριά του. τ.3. Ιδεόκοσμοι σε αντιπαράθεση 
600 1 0 |a Weber, Max,   |d 1864-1920. 
650 0 0 |a Sociology. 
650 0 0 |a Capitalism. 
740 0 2 |a Το ξεμάγεμα του κόσμου 
740 0 2 |a Ο Καπιταλισμός στα όριά του 
740 0 2 |a Ιδεόκοσμοι σε αντιπαράθεση 
852 |a INST  |b LESVOS  |e 20031027  |h 301.092 ΤΕΡ  |p 005100031015  |q 005100031015  |t BK  |y 0  |z τ.3 
852 |a INST  |b LESVOS  |e 20031027  |h 301.092 ΤΕΡ  |p 005100031016  |q 005100031016  |t BK  |y 0  |z τ.2 
852 |a INST  |b LESVOS  |e 20031027  |h 301.092 ΤΕΡ  |p 005100031017  |q 005100031017  |t BK  |y 0  |z τ.1 
852 |a INST  |b LESVOS  |e 20031027  |h 301.092 ΤΕΡ  |p 005100031015  |q 005100031015  |t BK  |v τ.3:  |y 0  |z τ.3 
852 |a INST  |b LESVOS  |e 20031027  |h 301.092 ΤΕΡ  |p 005100031016  |q 005100031016  |t BK  |v τ.2:  |y 0  |z τ.2 
852 |a INST  |b LESVOS  |e 20031027  |h 301.092 ΤΕΡ  |p 005100031017  |q 005100031017  |t BK  |v τ.1:  |y 0  |z τ.1 
853 |a INST  |b LESVOS  |h 301.092 ΤΕΡ 
901 |a BIBL1-2003-3 
909 |a Λ  |b 099515 
909 |a Λ  |b 099516 
909 |a Λ  |b 099517 
920 |a ΕΠΕΑΕΚ ΚΟΙΝΩΝΙΟΛΟΓΊΑΣ  |y ΛΕΣΒΟΣ  |z 2002-01 
970 |a ΧΡΙΣΤΟΦΑ  |b ΝΙΚΗ  |z 2003/10/27